000 00788cam a22002654a 4500
008
020 _a0071122591 (pbk.)
049 _aMAIN
090 0 _aQR41.2
_bPRE
100 1 _aPrescott, Lansing M.
245 0 0 _aMicrobiology /
_cLansing M. Prescott, John P. Harley, Donald A. Klein.
250 _a5th ed.
260 _aBoston :
_bMcGraw-Hill,
_cc2002.
300 _axxvi, 1026 p. :
_bill. (some col.), col. maps ;
_c29 cm.
500 _aIncludes index.
504 _aIncludes bibliographical references.
650 0 _aMicrobiology.
700 1 _aHarley, John P.
700 1 _aKlein, Donald A.
907 _a.b10219948
_b21-08-12
_c16-11-06
003
005 20230123134410.0
040 _cNUST
942 _cBOOKS
_kQR41.2
_mPRE
999 _c165227
_d165227